| 000 | 01059naa a22002897a 4500 | ||
|---|---|---|---|
| 001 | BR8005852 | ||
| 003 | BR-BrBNA | ||
| 005 | 20240918174653.0 | ||
| 007 | ta | ||
| 008 | 230509b bl.||||| |||| 00| 0 por d | ||
| 040 |
_aBR-BrBNA _bpor _cBiblioteca Nacional de Agricultura |
||
| 041 | _a(Pt) | ||
| 072 | _aP10; P12; U10 | ||
| 090 | _aP10 BR8005852 | ||
| 100 | 1 | _aSantos, J.P. dos | |
| 111 | 1 |
_a1. Congresso Brasileiro de Aguas Subterraneas _cRecife, PE (Brazil) _d9-14 Nov 1980 |
|
| 245 | 1 | _aEficiencia de pocos parcialmente penetrantes [aguas subterraneas, modelo matematico] | |
| 260 | 3 |
_aRecife, PE (Brasil): _c1980. |
|
| 500 | _aAnais do 1. Congresso Brasileiro de Aguas Subterraneas Recife, PE (Brasil): 1980. p. 217-222 (BR8005852-AM)P10 | ||
| 650 | _aHIDRAULICA | ||
| 650 | _aAGUAS SUBTERRANEAS | ||
| 650 | _aPOCO | ||
| 650 | _aMODELO MATEMATICO | ||
| 773 | 0 |
_tAnais do 1. Congresso Brasileiro de Aguas Subterraneas _wP10 BR8005852 _gRecife, PE (Brasil), 1980. p. 217-222 |
|
| 909 |
_a202404 _bLucia _c55 _dLucia Elande |
||
| 942 |
_cAM _2AGRIS |
||
| 999 |
_c312749 _d312749 |
||